Self-Regulation and Interpersonal Relationship of Student-Parents (Record no. 85911)
[ view plain ]
| 000 -LEADER | |
|---|---|
| fixed length control field | 03796nam a22002897a 4500 |
| 003 - CONTROL NUMBER IDENTIFIER | |
| control field | URS |
| 005 - DATE AND TIME OF LATEST TRANSACTION | |
| control field | 20251023101643.0 |
| 008 - FIXED-LENGTH DATA ELEMENTS--GENERAL INFORMATION | |
| fixed length control field | 250904b ||||| |||| 00| 0 eng d |
| 040 ## - CATALOGING SOURCE | |
| Transcribing agency | URS |
| 245 ## - TITLE STATEMENT | |
| Title | Self-Regulation and Interpersonal Relationship of Student-Parents |
| Remainder of title | Anthony B. Irinco ... et al ... |
| 260 ## - PUBLICATION, DISTRIBUTION, ETC. | |
| Date of publication, distribution, etc. | December 2024 |
| 300 ## - PHYSICAL DESCRIPTION | |
| Extent | 82 pages.,; |
| Other physical details | illustrations ; |
| Dimensions | 28cm. |
| 336 ## - CONTENT TYPE | |
| Source | rdacontent |
| Content type term | text |
| 337 ## - MEDIA TYPE | |
| Source | rdamedia |
| Media type term | unmediated |
| 338 ## - CARRIER TYPE | |
| Source | rdacarrier |
| Carrier type term | volume |
| 502 ## - DISSERTATION NOTE | |
| Dissertation note | Thesis |
| Degree type | College of Science |
| Name of granting institution | University of Rizal System-Morong |
| Year degree granted | 2024 |
| 520 ## - SUMMARY, ETC. | |
| Summary, etc. | This study aimed to determine the level of self-regulation and interpersonal relationship of student-parents. It was conducted during the school year 2024-2025 at the University of Rizal System-Morong, while the subjects were 86 student-parents who are enrolled in different colleges such as the College of Science, College of Education, College of Engineering, and College of Industrial Technology who were chosen through purposive sampling technique. Hence, descriptive research design was employed. The study used a standardized self-regulation questionnaire to determine the level of self-regulation of student-parents. Meanwhile, a standardized interpersonal questionnaire was used to better understand and evaluate the level of interpersonal relationship of student-parents. Thus, Pearson-r was used to determine the significant relationship of self-regulation and interpersonal relationship of student-parents. To determine the level of self-regulation of student-parents with respect to impulse control, goal-orientation, self-direction, and decision-making, mean was used. To determine the level of interpersonal relationship of student-parents with respect to assertion of needs, bidirectional communication, conflict, disclosure and interpersonal closeness, and last, emotional experience and expression, mean was utilized. Meanwhile, to determine if there is a significant relationship between the student-parents’ self-regulation and interpersonal relationship, Pearson Product Moment Correlation Coefficient (PPMC) or Pearson-r was utilized. Therefore, this study suggests that the overall self-regulation of student-parents has significant influence on how they act, shapes sense of social relationship with other people, and establishes a good foundation for interpersonal relationships with other people. It suggests that having a well-established self-control with your emotions, being oriented with your goals and clear directions upon yourself, and wise decision-making will bring self-fulfillment and satisfaction and improve the quality of your social relationship towards other people. It is recommended that the Office of Student Development Services of the University of Rizal System-Morong may develop a special program for student-parents which will establish good social relationships and encourage them to participate in any educational activities, allowing them to perform well and boost their sense of belongingness. Students, especially student-parents, may have collaborative engagement and activities that enable them to establish moral support and create bonds with one another. Future studies may explore and investigate parallel studies considering other variables. |
| 700 ## - ADDED ENTRY--PERSONAL NAME | |
| Personal name | Anthony B. Irinco |
| Relator term | Author |
| 700 ## - ADDED ENTRY--PERSONAL NAME | |
| Personal name | Mary Ann O. Flestado |
| Relator term | Author |
| 700 ## - ADDED ENTRY--PERSONAL NAME | |
| Personal name | Francine Jarie R. Frias |
| Relator term | Author |
| 700 ## - ADDED ENTRY--PERSONAL NAME | |
| Personal name | Reshelle Mae L. Pabalan |
| Relator term | Author |
| 700 ## - ADDED ENTRY--PERSONAL NAME | |
| Personal name | Mariella Princess Ann C. Rendora |
| Relator term | Author |
| 700 ## - ADDED ENTRY--PERSONAL NAME | |
| Personal name | San Juan, Ruby S. |
| Relator term | degree supervisor |
| 856 ## - ELECTRONIC LOCATION AND ACCESS | |
| Materials specified | Online Request for Student Unpublished Works |
| Uniform Resource Identifier | <a href="https://forms.gle/7LqvGGkaDrUQqz429">https://forms.gle/7LqvGGkaDrUQqz429</a> |
| 856 ## - ELECTRONIC LOCATION AND ACCESS | |
| Uniform Resource Identifier | <a href="https://drive.google.com/file/d/10Orf6cIvOSkjoibHk42BgvppZESO1vbl/view?usp=drive_link">https://drive.google.com/file/d/10Orf6cIvOSkjoibHk42BgvppZESO1vbl/view?usp=drive_link</a> |
| 942 ## - ADDED ENTRY ELEMENTS (KOHA) | |
| Source of classification or shelving scheme | Library of Congress Classification |
| Koha item type | Theses and dissertations |
| Withdrawn status | Source of classification or shelving scheme | Damaged status | Not for loan | Collection code | Home library | Current library | Date acquired | Total Checkouts | Barcode | Date last seen | Price effective from | Koha item type |
|---|---|---|---|---|---|---|---|---|---|---|---|---|
| Library of Congress Classification | Reference | Morong College Library | Morong College Library | 09/04/2025 | URSMOR-CL-6987 | 09/04/2025 | 09/04/2025 | Theses and dissertations |